000 00377pab a2200157 454500
008 180718b1998 xxu||||| |||| 00| 0 eng d
100 _aKarlekar, Malavika
245 _aDomestic violence
260 _c1998
300 _ap.1741-751
362 _a4 Jul
650 _aSexual abuse
650 _aDomestic violence
773 _aEconomic and Political Weekly
909 _a38078
999 _c38078
_d38078